Statistics for Languages of Jetpunk

Click here to take the quiz!

General Stats

  • This quiz has been taken 49 times
  • The average score is 11 of 13

Answer Stats

Answer% Correct
German
100%
French
100%
Spanish
98%
English
95%
Italian
95%
Portuguese
86%
Polish
81%
Swedish
79%
Dutch
77%
Finnish
77%
Danish
74%
Norwegian
58%
Czech
53%

Score Distribution

Percentile by Number Answered

Percent of People with Each Score

Your Score History

You have not taken this quiz